000 00418nam a2200157Ia 4500
003 GCL
008 140319s9999 xx 000 0 eng d
040 _aGCL /
_cGCL
082 0 4 _a733.5
_bO T
100 1 _aO LSON,ROBERTA J.N
245 1 0 _aITALIAN RENAISSANCE SCULPT USE /
_cO LSON,ROBERTA J.N
260 _a[S.N] :
_bTHAMES AND HUDSON
300 _a216P
650 0 4 _aITALIAN RENAISANCE SCULPTURE
942 _2ddc
_cBK
999 _c12064
_d12064